| 000 | 00598nam a2200181Ia 4500 | ||
|---|---|---|---|
| 008 | 090630s9999 xx 000 0 und d | ||
| 082 | _b4666 | ||
| 100 | _aसाने गुरुजी. | ||
| 245 |
_aरामाचा शेला. _cसाने गुरुजी. |
||
| 260 |
_bकॉन्टीनेंटल. _c1970 |
||
| 300 | _a62 | ||
| 600 | _aसाने गुरुजी. | ||
| 630 | _aरामाचा शेला. | ||
| 655 | _aबालवाङमय. | ||
| 700 | _aसाने गुरुजी. | ||
| 730 | _aरामाचा शेला. | ||
| 942 | _cBOOK | ||
| 999 |
_c256522 _d256522 |
||